Second Most Common Language By Country - Statistics

General Stats
  • This quiz has been taken 3,104 times
  • The average score is 11 of 24
Answer Stats
Country 2nd Language % Correct
Israel Arabic
86%
Spain Catalan
75%
Canada French
72%
Brazil Spanish
71%
China Cantonese
63%
Cambodia Vietnamese
63%
Sri Lanka Tamil
50%
Albania Greek
48%
Japan Korean
48%
Germany Turkish
48%
Romania Hungarian
46%
Armenia Russian
41%
Mozambique Portuguese
39%
Belarus Belarusian
37%
Turkey Kurdish
36%
India Bengali
35%
Australia Chinese
33%
United Kingdom Polish
33%
Argentina Italian
30%
Bolivia Quechua
28%
Kyrgyzstan Uzbek
26%
Thailand Burmese
24%
Russia Tatar
20%
Saudi Arabia Tagalog
8%
No matching quizzes found
Score Distribution
Percent of People with Each Score
Percentile by Number Answered
Your Score History
You have not taken this quiz